Quizzes
Events
Quiz Creation
Community
Videos
Private Events
Remove Ads
Sign In
Join for FREE
Feedback
Dark Mode
Quiz Categories
Sports
Geography
Music
Movies
Television
Just For Fun
Miscellaneous
History
Literature
Language
Science
Gaming
Entertainment
Religion
Holiday
For Kids
Quiz Lab
Recent
Popular Today
Quiz Kudos Today
Editor Picks
Curator Picks
Quizzes by...
Day
Popularity
Type
Ratings
Length
Year
Community
Subscriptions
Recent Discussions
Orange Saloon
Badges
Playlists
Quests
Create
Leaderboards
Showdown
Live 5
Trivia Bingo
Activity
Puzzle Library
Sporcle Events
Private Events
Virtual Trivia
Globe League
Become a Host
Pub Owners
SporcleCon
Opinionation
Our Games
Videos
Blog
Mobile Apps
Partnerships
Remove Ads and Go Orange
Feedback
Sports
Athletes
MLB
NBA
NHL
NFL
Soccer
Sports Teams
WWE
NCAA
Football
Premier League
Basketball
Baseball
Hockey
Golf
Tennis
Cricket
Rugby
Auto Racing
Olympics
World Cup
Sports
Athletes
MLB
NBA
NHL
NFL
Soccer
Sports Teams
WWE
NCAA
Football
Premier League
Basketball
Baseball
Hockey
Golf
Tennis
Cricket
Rugby
Auto Racing
Olympics
World Cup
Random Quiz
Search Sporcle
×
Quiz Lab
Quiz Lab
Sports
World
Type in answers that appear in a list
Type in answers that appear in a list
Classic
Best Score? Go Orange.
World/Olympic Gymnastics Teams from 2000 Stats
Can you name the World/Olympic Gymnastics Teams from 2000?
By
bekah702
15m
69 Questions
699 Plays
699 Plays
699 Plays
Comments
Comments
Give Quiz Kudos
Give Quiz Kudos
-
- Ratings
hide this ad
More Info
Replay
Link that replays current quiz
Next Quiz
Link to next quiz in quiz playlist
You Got
0%
They Got
Avg Score
72%
Avg Friend Score
Upgrade to see
Score Distribution
Jump to the score distribution portion of the page
Score
0/69
Timer
15:00
0
Plays Today
% Correct
Shawn Johnson
97%
Shawn Johnson
97%
Nastia Liukin
96.7%
Nastia Liukin
96.7%
Nastia Liukin
96.7%
Nastia Liukin
96.7%
Alicia Sacramone
93.1%
Alicia Sacramone
93.1%
Alicia Sacramone
93.1%
Carly Patterson
92.6%
Carly Patterson
92.6%
Bridget Sloan
91.3%
Bridget Sloan
91.3%
Bridget Sloan
91.3%
Chellsie Memmel
90.7%
Chellsie Memmel
90.7%
Chellsie Memmel
90.7%
Chellsie Memmel
90.7%
Chellsie Memmel
90.7%
Alicia Sacramone
89.4%
Courtney Kupets
85.6%
Courtney Kupets (Injured)
85.6%
Courtney Kupets
85.6%
Samantha Peszek
83.5%
Samantha Peszek
83.5%
Rebecca Bross
83.1%
Ivana Hong
80.3%
Ivana Hong
80.3%
Ivana Hong
80.3%
Courtney McCool
79.7%
Jacquelyn Johnson
79.5%
Annia Hatch (Injured)
76.3%
Elise Ray
75.8%
Dominique Dawes
75.4%
Terin Humphrey
75%
% Correct
Mohini Bhardwaj
75%
Terin Humphrey
75%
Terin Humphrey
75%
Mohini Bhardwaj
75%
Annia Hatch
72.7%
Kristen Maloney
71.8%
Jana Bieger
71.2%
Jana Bieger
71.2%
Jana Bieger
71.2%
Hollie Vise
69.7%
Tasha Schwikert
68.7%
Tasha Schwikert
68.7%
Tasha Schwikert
68.7%
Tasha Schwikert
68.7%
Shayla Worley
67.1%
Kayla Williams
64.1%
Jamie Dantzscher
58.1%
Ashley Postell (Sick)
54.2%
Ashley Postell
54.2%
Ashley Priess
52.5%
Morgan White (Injured)
51.4%
Mackenzie Caquatto
48.2%
Natasha Kelley
45.8%
Alyssa Beckerman
45.4%
Corrie Lothrop
44.1%
Sam Sheehan
40.1%
Sam Sheehan
40.1%
Katie Heenan
39.6%
Tabitha Yim
39.5%
Kytra Hunter
39.3%
Allyse Ishino
36.8%
Ashley Miles
28%
Rachel Tidd
26.9%
Kassi Price
22.6%
Quiz Playlist
Details
Report
Send in Message
Add To Playlist
More Info:
All gymnasts officially named to a team but then replaced by and alternate are still considered team members!
Classic:
Type in answers that appear in a list
Last Updated: Feb 16, 2017
Quiz Scoreboard
CHALLENGE
Sign Up to Join the Scoreboard
Show All
Scores
Hide
Comments
May contain spoilers
Recently Published
9x9 Crossword: Cartoon Network
by jackfrog10
Miscellaneous
3m
College Basketball Coaching Resumes
by pancakes188
Sports
9m
Billboard Blitz: Fleetwood Mac
by CooCooCachoo
Music
15s
More to Explore
Quiz From the Vault
Featured Blog Post
Where Did the Easter Bunny Come From?
hide this ad
You Might Also Like...
Tags
Olympics Quiz
World Quiz
2000
Gymnastics
Gymnastics Teams
team
World Olympic
Today's Top Quizzes in Sports
Browse Sports
hide this ad
Today's Top Quizzes in World
Browse World
Top Contributed Quizzes in Sports
1
2022 World Cup Stars
2
Les meilleurs buteurs des matchs entre le PSG et l’OM
3
FIFA Club World Cup Champions
4
Les entraîneurs de l'OM et du PSG au 21e siècle
5
Criteria MLB: Left Handed Sluggers
6
AFC Teams Reveal (Wrong Answers Minefield)
7
2023 MLB Unique Player Accomplishments
8
5-to-1: FBS Animal Nicknames
9
Players with Multiple 50 Home Run Seasons
10
5-to-1: UK Sports Teams
Explore More
Trending Topics
NBA
Crossword
Disney
Marvel
Harry Potter
Anime
Kpop
The Office
Puzzle
Soccer
Country
WWE
Song
Pokémon
NFL
hide this ad
More By:
bekah702
Quiz
Plays
Rating
Category
Featured
Created
World/Olympic Gymnastics Teams from 2000
699
3.67
Sports
Jan 15, 2010
2009 US National Gymnastics Team
394
5.00
Sports
Jan 15, 2010
Go to Creator's Profile
Score Distribution
Quiz Creator Spotlight
bekah702
Follow
Send a Message
Quizzes Created
-
Created Quiz Play Count
-
More By This Creator
Popular Quizzes Today
1
Find the US States - No Outlines Minefield
2
Find the Countries of Europe - No Outlines Minefield
3
The Countries of the World
4
Find the US States
5
Risky Map Clicking: Biggest States A-Z
6
US States
7
Popular People in 1961
8
Movies - When Are They Set?
More Sports Quizzes
Kobe Bryant's Teammates
Curator's Pick
Trending Quizzes
Risky Map Clicking: Least Populous States A-Z
1-10 Letter G Words
1-10 Letter F Words
Risky Map Clicking: Next State Alphabetically
Adjectives in 80s TV Shows
Recently Updated
Leaping Animals
pecheneg
Reality TV Shows (A-Z)
bhenderson79
Rickey Henderson's Hall of Fame Teammates
pecheneg
Champions League XIs: Arsenal
pecheneg
Quick Pick: Celebrities in WWE's Hall of Fame
aduchscher
A-Z Keypad Blitz II
pecheneg
Multiple Oscar Actors
pecheneg
Mystery Phrase Blitz: Oscar 'Best Actors'
pecheneg
F. Scott Fitzgerald Novels
LTH
Pick 3 Villains
ddd62291
Trending Topics
Disney
Kpop
Crossword
Harry Potter
NBA
Marvel
Anime
Song
WWE
Soccer
NFL
Puzzle
Pokémon
Country
The Office
Your Account Isn't Verified!
In order to create a playlist on Sporcle, you need to verify the email address you used during registration. Go to your
Sporcle Settings
to finish the process.
Report this User
Report this user for behavior that violates our
Community Guidelines
.
Details:
Send Report
Go to the Sporcle.com Mobile Site →
Comments